000 00294nam a22001337a 4500
003 SGT
082 _a614.595
_bH16M
100 _aMASTER,FAROKH J.
245 _aHAIR LOSS: EXPLAINED & ANALYSED
260 _aINDIA
_bB.JAIN PUB
_c2016
300 _a55
650 _aHOMEOPATHIC
942 _2ddc
_cBK
999 _c20376
_d20376